| 000 | 00704cam a22002531 4500 | ||
|---|---|---|---|
| 001 | 11103 | ||
| 003 | BD-RjUL | ||
| 005 | 20211208235054.0 | ||
| 008 | 140126s1948 enk 001 0 eng d | ||
| 035 | _a(BD-RjUL)11152 | ||
| 035 | _a(OCoLC)2959309 | ||
| 040 |
_aDLC _cGAT _dDLC _dBD-RjUL _beng |
||
| 041 | _aeng | ||
| 082 |
_a547.3 _bMCC 1948 |
||
| 100 | 1 |
_aMcIlroy, Robert Joseph. _934333 |
|
| 245 | 1 | 4 |
_aThe chemistry of the polysaccharides / _c Robert Joseph McIlroy, |
| 260 |
_aLondon: _bE. Arnold , _c1948 |
||
| 300 |
_avii, 118 p. : _c23 cm. |
||
| 504 | _aIncludes bibliographies. | ||
| 650 | 0 |
_aPolysaccharides. _934334 |
|
| 942 |
_2ddc _cBK |
||
| 999 |
_c11103 _d11103 |
||